BSOP header

1 & 2 Chronicles : (Record no. 32952)

MARC details
000 -LEADER
fixed length control field 00763nam a2200205 4500
008 - FIXED-LENGTH DATA ELEMENTS--GENERAL INFORMATION
fixed length control field 090318s2003 miua 001 0 eng
020 ## - INTERNATIONAL STANDARD BOOK NUMBER
International Standard Book Number 0310206103 :USD29.99/£10.00
020 ## - INTERNATIONAL STANDARD BOOK NUMBER
International Standard Book Number 9780310206101
090 ## - LOCALLY ASSIGNED LC-TYPE CALL NUMBER (OCLC); LOCAL CALL NUMBER (OCLC)
Classification number (OCLC) (R) ; Classification number, CALL (RLIN) (NR) BS491.2
Local cutter number (OCLC) ; Book number/undivided call number, CALL (RLIN) N64
-- Chron
100 1# - MAIN ENTRY--PERSONAL NAME
Personal name Hill, Andrew E.
245 10 - TITLE STATEMENT
Title 1 & 2 Chronicles :
Remainder of title from biblical text-- to contemporary life /
Statement of responsibility, etc Andrew E. Hill.
246 3# - VARYING FORM OF TITLE
Title proper/short title First and Second Chronicles
260 ## - PUBLICATION, DISTRIBUTION, ETC. (IMPRINT)
Place of publication, distribution, etc Grand Rapids, Mich. :
Name of publisher, distributor, etc Zondervan,
Date of publication, distribution, etc c2003.
300 ## - PHYSICAL DESCRIPTION
Extent 699 p. :
Other physical details ill., maps ;
Dimensions 24 cm.
490 1# - SERIES STATEMENT
Series statement The NIV application commentary
500 ## - GENERAL NOTE
General note Includes indexes.
630 04 - SUBJECT ADDED ENTRY--UNIFORM TITLE
Uniform title Bible.
Name of part/section of a work O.T.
-- Chronicles
General subdivision Criticism, interpretation, etc.
951 ## - EQUIVALENCE OR CROSS-REFERENCE-GEOGRAPHIC NAME/AREA NAME [OBSOLETE] [CAN/MARC only]
General subdivision 00037452
951 ## - EQUIVALENCE OR CROSS-REFERENCE-GEOGRAPHIC NAME/AREA NAME [OBSOLETE] [CAN/MARC only]
-- 32740
-- REFBS491.2/N64/Chron
-- 090318152559519
-- 2000-12-21
-- REF
Holdings
Withdrawn status Lost status Damaged status Not for loan Home library Current library Shelving location Date acquired Accession number Shelving control number Total Checkouts Full call number Barcode Date last seen Price effective from Koha item type
        BSOP Library BSOP Library Reference 12/21/2000 32740 127   REFBS491.2/N64/Chron 00037452 02/23/2013 02/23/2013 Books
BSOP

Biblical Seminary of the Philippines
  All rights Reserved
  © 2024

CONTACT INFORMATION

Biblical Seminary of the Philippines,
  77-B Karuhatan Road, Valenzuela City,
  PHILIPPINES 1441
  Phone: +632 8292-6795 / 8292-6798
  Fax : +632 8292-6675
  Email: library@bsop.edu.ph